Finančná matematika 2

Saved in:
Bibliographic Details
Main Author: Dávid, Arnold
Corporate Author: Ekonomická univerzita v Bratislave. Fakulta hospodárskej informatiky
Other Authors: Pinda, Ľudovít, 1958-
Format: Book
Language:Slovak
Published: Bratislava Vydavateľstvo Ekonóm 1998
Subjects:
Tags: Add Tag
No Tags, Be the first to tag this record!

MARC

LEADER 00000nam a2200000 4500
001 c102586
005 20221123132810.4
020 |a 80-225-0996-5 
041 0 |a slo 
044 |a SK 
245 1 0 |a Finančná matematika 2  |c Arnold Dávid, Ľudovít Pinda 
264 1 |a Bratislava  |b Vydavateľstvo Ekonóm  |c 1998 
300 |a 142 s. 
610 2 0 |a matematika finančná 
610 2 0 |a úver 
610 2 0 |a úrok 
610 2 0 |a modely matematické 
610 2 0 |a renta 
610 2 0 |a miera úroková 
610 2 0 |a projekty investičné 
610 2 0 |a zisk 
100 1 |a Dávid, Arnold 
700 1 |a Pinda, Ľudovít, 1958- 
710 2 |a Ekonomická univerzita v Bratislave. Fakulta hospodárskej informatiky